मधुस्त्रव काव्यकल्प / (Record no. 61422)

MARC details
000 -LEADER
fixed length control field 01274nam a22002657a 4500
005 - DATE AND TIME OF LATEST TRANSACTION
control field 20120112143825.0
008 - FIXED-LENGTH DATA ELEMENTS--GENERAL INFORMATION
fixed length control field 120112t xxu||||| |||| 00| 0 mar d
010 ## - LCCN (DPL NO)
LC control number MAR-21930
020 ## - INTERNATIONAL STANDARD BOOK NUMBER
Terms of availability 70.00
035 ## - SYSTEM CONTROL NUMBER
System control number MR-14588
037 ## - SOURCE OF ACQUISITION
Source of stock number/acquisition DBAD/PUB
040 ## - CATALOGING SOURCE
Original cataloging agency DPL
Language of cataloging MR
082 ## - DEWEY DECIMAL CLASSIFICATION NUMBER
Classification number 891.461
100 ## - MAIN ENTRY--PERSONAL NAME
9 (RLIN) 39079
Personal name वाघमरे,मधुकर सदाशिव
245 ## - TITLE STATEMENT
Title मधुस्त्रव काव्यकल्प /
Statement of responsibility, etc मधुकर सदाशिव वाघमरे
246 ## - VARYING FORM OF TITLE
Title proper/short title Madhustrav kaveykalp
Remainder of title by Madhukar sadashiv vaghmary
260 ## - PUBLICATION, DISTRIBUTION, ETC. (IMPRINT)
Place of publication, distribution, etc नागपुर
Name of publisher, distributor, etc आर्शीवाद पब्लिकेशन
Date of publication, distribution, etc 2007
270 ## - ADDRESS
Address धनरे बिल्डिंग,दक्षिणामूर्ति चौक,महाल,
City नागपुर
Postal code 32
Telephone number 0712 2766710 ,9422120648
300 ## - PHYSICAL DESCRIPTION
Extent 88पृ.
Dimensions 21सेमी(अजिल्द)
500 ## - GENERAL NOTE
General note भाग-2
650 ## - SUBJECT ADDED ENTRY--TOPICAL TERM
Topical term or geographic name as entry element मराठी कविता संग्रह
9 (RLIN) 40102
650 ## - SUBJECT ADDED ENTRY--TOPICAL TERM
Topical term or geographic name as entry element Marathi Poetry
9 (RLIN) 40103
942 ## - ADDED ENTRY ELEMENTS (KOHA)
Source of classification or shelving scheme Dewey Decimal Classification
Item type Marathi Books
Call number suffix वाघम
Classification part 891.461
Holdings
Withdrawn status Lost status Source of classification or shelving scheme Materials specified (bound volume or other part) Damaged status Not for loan Collection code Home library Current library Date acquired Source of acquisition Cost, normal purchase price Total Checkouts Full call number Barcode Date last seen Copy number Cost, replacement price Koha item type
    Dewey Decimal Classification V-2   Not For Loan Fiction D.B.Act.Division D.B.Act.Division 24/01/2012 DBAD/PUB 70.00   891.461 वाघम MR-14588 24/01/2012 1 70.00 Marathi Books

© Delhi Public Library
Hit Counter
free hit counter